| 000 | 01271nac a22003011i 4500 | ||
|---|---|---|---|
| 003 | EG-ScBUE | ||
| 005 | 20250528101402.0 | ||
| 008 | 250312s1953 njua f 001 0 eng d | ||
| 035 | _a(OCoLC)1889384 | ||
| 040 |
_aEG-ScBUE _beng _erda _cEG-ScBUE _dEG-ScBUE |
||
| 082 | 0 | 4 |
_a515 _bROW _222 |
| 100 | 1 |
_aRowe, Charles Elmer, _eauthor. |
|
| 245 | 1 | 0 |
_aEngineering descriptive geometry : _bthe direct method for students, draftsmen, architects, and engineers / _cby Charles Elmer Rowe, B.S. (C.E.), E.M., professor of drawing, The University of Texas and James Dorr McFarland, M.S. in E.E., professor of drawing, The University of Texas, registered professional engineer. |
| 250 | _aSecond edition. | ||
| 250 | _aFifth printing. | ||
| 264 | 1 |
_aPrinceton, New Jersey : _bD. Van Nostrand Company, Inc., _c1953. |
|
| 300 |
_avii, 352 pages : _billustrations ; _c24 cm |
||
| 336 |
_2rdacontent _atext _btxt |
||
| 337 |
_aunmediated _2rdamedia _bn |
||
| 338 |
_avolume _bnc _2rdacarrier |
||
| 500 | _aIncludes index. | ||
| 521 | _aFor students, draftsmen, architects, and engineers. | ||
| 650 | 7 |
_aGeometry, Descriptive. _2BUEsh |
|
| 655 | _vReading book | ||
| 700 | 1 |
_aMcFarland, James Dorr, _d1903- _eauthor. |
|
| 942 |
_cBB _2ddc |
||
| 999 |
_c1782 _d1782 |
||